Le financement de la vie politique : Réglementations, pratiques et effets politiques (notice n° 2198628)

détails MARC
000 -LEADER
fixed length control field 01646cam a2200145 4500500
005 - DATE AND TIME OF LATEST TRANSACTION
control field 20260405085553.0
041 ## - LANGUAGE CODE
Language code of text/sound track or separate title fre
042 ## - AUTHENTICATION CODE
Authentication code dc
100 10 - MAIN ENTRY--PERSONAL NAME
Personal name François, Abel
Relator term author
245 00 - TITLE STATEMENT
Title Le financement de la vie politique : Réglementations, pratiques et effets politiques
260 ## - PUBLICATION, DISTRIBUTION, ETC.
Name of publisher, distributor, etc. Armand Colin,<br/>
Date of publication, distribution, etc. 2015.<br/>
520 ## - SUMMARY, ETC.
Summary, etc. L’argent est une ressource politique désormais très encadrée par la réglementation et les politiques publiques. Cet ouvrage offre une analyse socio-économique et comparative des dispositifs créés en réponse aux différentes tensions induites par cette question sensible du financement de la vie politique. Il souligne le caractère de plus en plus systémique de ces politiques éthiques qui concernent aussi bien les comptes des candidats et des partis, que la transparence du patrimoine des élites publiques, l’encadrement des conflits d’intérêts, les relations entre groupes de pression et institutions politiques. Il montre combien ces règles sont produites par et pour des hommes et des institutions qui se gardent de trop s’exposer à la menace de sanctions au moment de légiférer. Ces dispositifs ont permis la production de données financières qui interrogent sur le fonctionnement et les transformations de la vie politique, sans omettre de questionner la fiabilité, voire les limites des informations comptables transmises par les candidats, les partis politiques et bien d’autres institutions publiques.
700 10 - ADDED ENTRY--PERSONAL NAME
Personal name Phélippeau, Éric
Relator term author
856 41 - ELECTRONIC LOCATION AND ACCESS
Uniform Resource Identifier <a href="https://shs.cairn.info/le-financement-de-la-vie-politique--9782200282196?lang=fr&redirect-ssocas=7080">https://shs.cairn.info/le-financement-de-la-vie-politique--9782200282196?lang=fr&redirect-ssocas=7080</a>

Pas d'exemplaire disponible.

PLUDOC

PLUDOC est la plateforme unique et centralisée de gestion des bibliothèques physiques et numériques de Guinée administré par le CEDUST. Elle est la plus grande base de données de ressources documentaires pour les Étudiants, Enseignants chercheurs et Chercheurs de Guinée.

Adresse

627 919 101/664 919 101

25 boulevard du commerce
Kaloum, Conakry, Guinée

Réseaux sociaux

Powered by Netsen Group @ 2025